Kinh điển quản lý và kinh doanh

Na minha lista:
Detalhes bibliográficos
Autor principal: Gs.Lưu Vĩnh Thuỵ
Formato: Livro
Idioma:Vietnamese
Publicado em: TKE 2000
Tags: Adicionar Tag
Sem tags, seja o primeiro a adicionar uma tag!
Thư viện lưu trữ: Mạng thư viện Đại học Đà Nẵng
LEADER 00631nam a2200277 4500
001 000025979
003 1519
005 20150325120000.0
008 150325s vm 000 vie
020 |c 52000,0000 
040 |a NOTTS 
100 |a Gs.Lưu Vĩnh Thuỵ 
245 |a Kinh điển quản lý và kinh doanh 
260 |b TKE  |c 2000 
300 |a 395tr. ; 
OWN |a LTT 
999 |a From the UDN01 
TYP |a Monograph 
TYP |a Printed language 
980 |a Mạng thư viện Đại học Đà Nẵng